Catálogo
 En Linea

Conejos & bastones / (Registro nro. 58579)

Detalles MARC
000 -CABECERA
campo de control de longitud fija 01469nam a22003257i 4500
003 - IDENTIFICADOR DEL NÚMERO DE CONTROL
campo de control DO-SdBNP
005 - FECHA Y HORA DE LA ÚLTIMA TRANSACCIÓN
campo de control 20250521135025.0
007 - CAMPO FIJO DE DESCRIPCIÓN FÍSICA--INFORMACIÓN GENERAL
campo de control de longitud fija ta
008 - DATOS DE LONGITUD FIJA--INFORMACIÓN GENERAL
campo de control de longitud fija 250402b2024 dr ||||| |||| 00| 0 spa d
020 ## - NÚMERO INTERNACIONAL ESTÁNDAR DEL LIBRO
Número Internacional Estándar del Libro 9789945500035
040 ## - FUENTE DE LA CATALOGACIÓN
Centro catalogador/agencia de origen DO-SdBNP
Lengua de catalogación spa
Centro/agencia transcriptor BNPHU
Normas de descripción rda
041 ## - CÓDIGO DE LENGUA
Código de lengua del texto/banda sonora o título independiente spa
082 #4 - NÚMERO DE LA CLASIFICACIÓN DECIMAL DEWEY
Número de clasificación 0
Número de documento/Ítem D418c
Número de edición 22
100 ## - ENTRADA PRINCIPAL--NOMBRE DE PERSONA
Nombre de persona De Oleo, Víctor Andrés
Código de función/relación aut.
9 (RLIN) 87185
Fechas asociadas al nombre 1991-
Término indicativo de función/relación autor
245 10 - MENCIÓN DE TÍTULO
Título Conejos & bastones /
Mención de responsabilidad, etc. Víctor Andrés De Oleo.
264 #4 - PRODUCCIÓN, PUBLICACIÓN, DISTRIBUCIÓN, FABRICACIÓN Y COPYRIGHT
Producción, publicación, distribución, fabricación y copyright Santo Domingo, República Dominicana :
Nombre del de productor, editor, distribuidor, fabricante Editora Nocional,
Fecha de producción, publicación, distribución, fabricación o copyright ©2024.
300 ## - DESCRIPCIÓN FÍSICA
Extensión 110 páginas ;
Dimensiones 23 cm.
336 ## - TIPO DE CONTENIDO
Término de tipo de contenido texto
Código de tipo de contenido txt
Fuente rdacontent
337 ## - TIPO DE MEDIO
Nombre/término del tipo de medio sin mediación
Código del tipo de medio n
Fuente rdamedia
338 ## - TIPO DE SOPORTE
Nombre/término del tipo de soporte volumen
Código del tipo de soporte nc
Fuente rdacarrier
490 0# - MENCIÓN DE SERIE
Mención de serie Cuento
500 ## - NOTA GENERAL
Nota general Feria Internacional del Libro 2021
500 ## - NOTA GENERAL
Nota general Jurado: Carlos Nazario, Rosa Silverio e Isidro Jiménez Guillén
500 ## - NOTA GENERAL
Nota general Reimpresión, 2024
505 ## - NOTA DE CONTENIDO CON FORMATO
Nota de contenido con formato No me tapes la cara 9 -- El juego de Rayuela 15 -- Por una n 25 -- Un mal cuento 33 -- Un destino roto 37 -- Deja vu 47-- El reflejo en casa 49 -- Matar a Moreira 55 -- Cerrado 69 -- Bajo el agua 71 -- Sin Mariela 81 -- La verdad de Mariana -- Los últimos 89 -- Los protagonistas 93 --Temblor 97 -- El peregrino de la disciplina 99 -- Distinguida 105 -- Ironía de una venganza 109 -- Un pacto para los cerdos 113 -- De un cuento sin final 127
586 ## - NOTA DE PREMIOS
Nota de premios Premio Joven de Cuento Pedro Peix 2021
590 ## - NOTA LOCAL (RLIN)
Nota local Inventariado, 2025 /LP
910 ## - DATOS DE OPCIÓN DEL USUARIO (OCLC)
Datos de opción del usuario LP
942 ## - ELEMENTOS DE PUNTO DE ACCESO ADICIONAL (KOHA)
Fuente del sistema de clasificación o colocación Dewey Decimal Classification
Tipo de ítem Koha Libro
Existencias
Estado de retiro Estado de pérdida Fuente del sistema de clasificación o colocación Restricciones de uso No para préstamo Código de colección Localización permanente Ubicación/localización actual Ubicación en estantería Fecha de adquisición Fuente de adquisición Total de préstamos Signatura topográfica completa Código de barras Fecha visto por última vez Precio válido a partir de Tipo de ítem Koha Número de copia
    Dewey Decimal Classification Excluido de préstamo   Patrimonio Dominicano Biblioteca Nacional Pedro Henríquez Ureña Biblioteca Nacional Pedro Henríquez Ureña En catalogación 11.11.2024 Depósito Legal   0 D418c 2025-2434 02.04.2025 02.04.2025 Libro  
    Dewey Decimal Classification Excluido de préstamo   Patrimonio Dominicano Biblioteca Nacional Pedro Henríquez Ureña Biblioteca Nacional Pedro Henríquez Ureña En catalogación 11.10.2024 Depósito Legal   0 D418c 2025-2435 02.04.2025 02.04.2025 Libro e.2
    Dewey Decimal Classification Préstamo en sala   Dominicana de Servicio Biblioteca Nacional Pedro Henríquez Ureña Biblioteca Nacional Pedro Henríquez Ureña En catalogación 11.10.2024 Depósito Legal   0 D418c 2025-2436 02.04.2025 02.04.2025 Libro e.3

Con tecnología Koha